Olympischer Medaillenspiegel - Los Angeles 1932 - Statistiken

Allgemein
  • Dieses Quiz wurde 9 mal gespielt
  • Das Durchschnittsergebnis liegt bei 9 aus 10
Antwortstatistiken
Gold Silber Bronze Gesamt Land % Korrekt
3 12 5 20 Deutschland
100%
10 5 4 19 Frankreich
100%
12 12 12 36 Italien
100%
2 5 8 15 Kanada
100%
41 32 30 103 Vereinigte Staaten
100%
4 7 5 16 Großbritannien
78%
7 7 4 18 Japan
78%
9 5 9 23 Schweden
78%
5 8 12 25 Finnland
67%
6 4 5 15 Ungarn
67%
Keine übereinstimmenden Quizze gefunden
Verteilung der Resultate
Anzahl Personen mit jedem Resultat
Perzentil nach korrekt beantworteten Fragen
Ihre Resultats-Entwicklung
Sie haben dieses Quiz noch nicht gespielt